| 000 -LEADER |
| fixed length control field |
01196nam a22003017a 4500 |
| 005 - DATE AND TIME OF LATEST TRANSACTION |
| control field |
20251008075810.0 |
| 008 - FIXED-LENGTH DATA ELEMENTS--GENERAL INFORMATION |
| fixed length control field |
250114b ||||| |||| 00| 0 eng d |
| 020 ## - INTERNATIONAL STANDARD BOOK NUMBER |
| International Standard Book Number |
9780064434720 |
| 040 ## - CATALOGING SOURCE |
| Transcribing agency |
KH8 |
| 082 ## - DEWEY DECIMAL CLASSIFICATION NUMBER |
| Classification number |
741.642 ZOL |
| 100 ## - MAIN ENTRY--PERSONAL NAME |
| Personal name |
CHARLOTTE ZOLOTOW |
| Relator term |
ZOLOTOW,CHARLOTTE |
| 245 ## - TITLE STATEMENT |
| Title |
WHEN THE WIND STOPS |
| 260 ## - PUBLICATION, DISTRIBUTION, ETC. |
| Place of publication, distribution, etc. |
195 Broadway, New York, NY 10007 |
| Name of publisher, distributor, etc. |
HarperCollins |
| Date of publication, distribution, etc. |
1995 |
| 300 ## - PHYSICAL DESCRIPTION |
| Extent |
32 Pages |
| Other physical details |
color illustrations |
| Dimensions |
22 cm x 26 cm |
| 500 ## - GENERAL NOTE |
| General note |
Originally published in earlier edition with different illustrations |
| 520 ## - SUMMARY, ETC. |
| Summary, etc. |
A mother explains to her son that in nature an end is also a beginning as day gives way to night, winter ends and spring begins, and, after it stops falling, rain makes clouds for other storms. |
| 521 ## - TARGET AUDIENCE NOTE |
| Target audience note |
Ages 4‑7 |
| 586 ## - AWARDS NOTE |
| Awards note |
American Library Association Notable Children’s Book, 1996 |
| 600 ## - SUBJECT ADDED ENTRY--PERSONAL NAME |
| Source of heading or term |
Wind (Metaphorical) Juvenile fiction |
| 650 ## - SUBJECT ADDED ENTRY--TOPICAL TERM |
| Source of heading or term |
Nature stories |
| Topical term or geographic name entry element |
Juvenile fiction |
| 650 ## - SUBJECT ADDED ENTRY--TOPICAL TERM |
| Source of heading or term |
Weather |
| Topical term or geographic name entry element |
Juvenile fiction |
| 650 ## - SUBJECT ADDED ENTRY--TOPICAL TERM |
| Source of heading or term |
Cycles |
| Topical term or geographic name entry element |
Juvenile fiction |
| 650 ## - SUBJECT ADDED ENTRY--TOPICAL TERM |
| Source of heading or term |
Cycles |
| Topical term or geographic name entry element |
Juvenile fiction |
| 655 ## - INDEX TERM--GENRE/FORM |
| Genre/form data or focus term |
Picture books |
| 655 ## - INDEX TERM--GENRE/FORM |
| Genre/form data or focus term |
Children’s stories |
| 700 ## - ADDED ENTRY--PERSONAL NAME |
| Personal name |
Vitale,Stefano |
| Relator term |
illustrator |
| 942 ## - ADDED ENTRY ELEMENTS (KOHA) |
| Source of classification or shelving scheme |
|
| Koha item type |
Books - Fiction |